100 Longest Rivers in the World - with a Map - Statistics

General Stats
  • This quiz has been taken 5,031 times
  • The average score is 40 of 100
Answers on the Map
Answers color-coded by a green-red scale on the quiz's map according to % correct below.
 
Answer Stats
Length
(km)
Length
(mi)
Additional Waters River % Correct
6,992 4,346 Apurímac > Ene > Tambo > Ucayali > Amazon > Solimões Amazon
97%
1,783 1,108 Gilgel Abay > Lake Tana Blue Nile
97%
6,853 4,259 Ruvironza > Ruvuvu > Kagera > Lake Victoria > White Nile Nile
97%
3,766 2,340 Mississippi
96%
2,857 1,775 Breg Danube
94%
4,370 2,716 Lualaba Congo
91%
5,464 3,396 Yellow
91%
4,246 2,639 Hell Roaring > Red Rock > Beaverhead > Jefferson Missouri
88%
6,755 4,198 Tuotuo He > Tongtian > Jinsha Yangtze
88%
4,184 2,600 Niger
87%
3,530 2,194 Volga
87%
2,730 1,697 Bhagirathi Ganges
86%
3,051 1,896 Rio Grande
86%
1,900 1,181 Tigris
84%
2,333 1,450 Colorado
83%
3,651 2,269 Eastern Euphrates [Murat] > Euphrates > Shatt al-Arab Euphrates
83%
4,909 3,051 Mekong
83%
3,180 1,976 Indus
79%
3,190 1,980 Yukon
75%
2,101 1,306 Allegheny Ohio
74%
2,574 1,600 Zambezi
72%
2,201 1,368 Dnieper
68%
4,338 2,696 Katun Ob
67%
2,432 1,511 Orange
64%
4,880 3,033 Rio Grande Paraná
64%
4,444 2,762 Argun Amur
62%
2,397 1,490 East Fork Arkansas
62%
3,058 1,900 North > St. Louis > Lake Superior > St. Mary's > Lake Huron > St. Clair > Lake St. Clair > Detroit > Lake Erie > Niagara > Lake Ontario St. Lawrence
62%
2,375 1,476 Murray
59%
2,000 1,243 Columbia
58%
1,870 1,162 Don
58%
4,294 2,669 Lena
58%
4,241 2,635 Thutade > Finlay > Peace > Lake Athabasca > Slave > Great Slave Lake Mackenzie
58%
1,641 1,020 Bafing Senegal
58%
2,272 1,412 Nanpan > Hongshui > Qian > Xun > Xi > Pearl Pearl
57%
2,188 1,360 Red (South)
57%
3,969 2,467 Brahmaputra
55%
1,735 1,078 Snake
51%
2,140 1,330 Orinoco
50%
2,695 1,675 Paraguay
49%
2,340 1,454 Canoas Uruguay
49%
4,092 2,543 Great Yenisey Yenisey
49%
2,428 1,509 Ural
48%
2,809 1,746 Mali Irrawaddy
40%
2,110 1,311 Crocodile Limpopo
38%
2,253 1,400 Negro (Amazon)
37%
2,844 1,768 Condamine > Balonne/Culgoa Darling
36%
1,651 1,026 North Platte Platte
36%
2,743 1,705 Wakhan > Panj Amu Darya
35%
3,063 1,904 Naryn Syr Darya
35%
3,380 2,101 Rocha > Caine > Grande Madeira
29%
2,575 1,600 Bow > South Saskatchewan > Saskatchewan > Lake Winnipeg Nelson
29%
2,863 1,779 São Francisco
28%
2,460 1,529 Maranhão Tocantins
28%
4,248 2,640 Irtysh
26%
1,860 1,156 Okavango
26%
3,289 2,044 Salween
21%
2,272 1,412 Uele Ubangi
21%
2,060 1,280 Brazos
20%
1,809 1,124 Pechora
19%
2,989 1,858 Lower Tunguska
18%
2,580 1,603 Culuene Xingu
18%
1,967 1,222 Kama
17%
2,153 1,338 Kwah Kasai
17%
1,609 1,000 Churchill
16%
1,808 1,124 Ganale Dorya Jubba
16%
1,865 1,159 Katanga Stony Tunguska
16%
3,365 2,091 Ider > Selenge > Lake Baikal Angara
15%
2,513 1,562 Kulu Kolyma
15%
3,379 2,100 Purus
15%
1,685 1,047 Kubena > Lake Kubena > Sukhona Northern Dvina
14%
2,820 1,753 Japurá
13%
1,590 988 Pilcomayo
13%
2,030 1,262 Yarkand Tarim
13%
2,115 1,314 Araguaia
12%
2,291 1,424 Teles Pires Tapajós
12%
2,273 1,413 Aldan
11%
1,977 1,229 Khastakh Indigirka
11%
1,927 1,198 Songhua
11%
2,062 1,282 Georgina > Eyre Warburton
10%
1,683 1,046 Barcoo Cooper Creek
9%
3,283 2,040 Juruá
9%
1,813 1,127 Putumayo
9%
1,820 1,131 Shebelle
9%
1,619 1,006 Tallija > Leque > Ayopapa > Sacambaya > Cotacajes > Alto Beni Beni
8%
2,450 1,523 Ishim
8%
1,636 1,017 Kotuy Khatanga
8%
1,707 1,061 Marañón
8%
2,355 1,464 Arias / Guachipas Salado del Norte
8%
2,650 1,647 Vilyuy
8%
1,760 1,094 Guayabero Guaviare
7%
1,576 979 Kafue
7%
2,292 1,424 Olenyok
7%
1,631 1,014 Bosbiye Tobol
7%
1,978 1,229 Vitimkan Vitim
7%
1,621 1,007 Ket
6%
1,637 1,017 Yalong
6%
1,590 988 Alazeya
5%
2,023 1,257 Bely Iyus Chulym
5%
1,592 989 Onon Shilka
5%
No matching quizzes found
Score Distribution
Percent of People with Each Score
Percentile by Number Answered
Your Score History
You have not taken this quiz